Química orgánica

Guardat en:
Dades bibliogràfiques
Autor principal: Carey, Francis A (Autor)
Format: Llibre
Idioma:espanyol
Publicat: Madrid McGraw Hill 1999
Matèries:
Etiquetes: Afegir etiqueta
Sense etiquetes, Sigues el primer a etiquetar aquest registre!

MARC

LEADER 00000nam a2200000 a 4500
001 UCN4904
003 CL-VaPUC
008 010817e19990000SP |||||||||||||||||spa|d
082 0 4 |a 547  |b CAR  |2 21 
100 0 |a Carey, Francis A  |e author  |9 461012 
245 1 0 |a Química orgánica 
300 |a 1131 p 
942 |c BK 
945 |d 20010817 00:00:00  |a vberengu 
260 |a Madrid  |b McGraw Hill  |c 1999 
650 0 |a Enlaces químicos  |9 306789 
650 0 |a Alcoholes   |9 257199 
650 0 |a Alquenos  |9 461013 
650 7 |a ESTEREOQUIMICA  |2 CL-VaPUC  |9 306790 
650 7 |a ESTRUCTURA QUIMICA  |2 CL-VaPUC  |9 319669 
650 0 |a Espectroscopía  |9 306791 
650 7 |a COMPUESTOS CARBONILICOS  |2 CL-VaPUC  |9 461014 
650 0 |a Compuestos organometálicos  |9 360482 
650 7 |a CARBOHIDRATOS  |2 CL-VaPUC  |9 306793 
583 |a last modification  |c 20010817 00:00:00  |k Rodrigo Vera 
999 |c 296748  |d 296746 
952 |0 0  |1 0  |4 0  |6 547_000000000000000_CAR_1999  |7 0  |8 A  |9 350864  |a BIBCUR  |b BIBCUR  |d 2019-11-20  |i 3745112  |o 547 CAR 1999  |p 3745112  |r 2025-04-22  |w 2019-11-20  |y BK  |k QUI 
952 |0 0  |1 0  |4 0  |6 547_000000000000000_CAR_1999  |7 0  |8 A  |9 350865  |a BIBCUR  |b BIBCUR  |d 2019-11-20  |i 3745120  |o 547 CAR 1999  |p 3745120  |r 2025-04-22  |w 2019-11-20  |y BK  |k QUI 
952 |0 0  |1 0  |4 0  |6 547_000000000000000_CAR_1999  |7 0  |8 A  |9 350866  |a BIBCUR  |b BIBCUR  |d 2019-11-20  |i 3745139  |o 547 CAR 1999  |p 3745139  |r 2025-04-22  |w 2019-11-20  |y BK  |k QUI 
952 |0 0  |1 0  |4 0  |6 547_000000000000000_CAR_1999  |7 0  |8 A  |9 350867  |a BIBCUR  |b BIBCUR  |d 2019-11-20  |i 3791513  |o 547 CAR 1999  |p 3791513  |r 2025-04-22  |w 2019-11-20  |y BK  |k QUI 
952 |0 0  |1 0  |4 0  |6 547_000000000000000_CAR_1999  |7 0  |8 A  |9 350868  |a BIBCUR  |b BIBCUR  |d 2019-11-20  |i 3816281  |l 1  |o 547 CAR 1999  |p 3816281  |r 2025-04-22  |s 2022-09-28  |w 2019-11-20  |y BK  |k BCB 
952 |0 0  |1 0  |4 0  |6 547_000000000000000_CAR_1999  |7 0  |8 A  |9 350869  |a BIBCUR  |b BIBCUR  |d 2019-11-20  |i 3817423  |o 547 CAR 1999  |p 3817423  |r 2025-04-22  |w 2019-11-20  |y BK  |k BCB 
952 |0 0  |1 0  |4 0  |6 547_000000000000000_CAR_1999  |7 0  |8 A  |9 350870  |a BIBCUR  |b BIBCUR  |d 2019-11-20  |i 3817431  |l 2  |o 547 CAR 1999  |p 3817431  |r 2025-04-22  |s 2022-09-15  |w 2019-11-20  |y BK  |k BCB 
952 |0 0  |1 0  |4 0  |6 547_000000000000000_CAR_1999  |7 0  |8 A  |9 350871  |a BIBCUR  |b BIBCUR  |d 2019-11-20  |i 381744K  |o 547 CAR 1999  |p 381744K  |r 2025-04-22  |w 2019-11-20  |y BK  |k BCB 
952 |0 0  |1 0  |4 0  |6 547_000000000000000_CAR_1999  |7 0  |8 A  |9 350872  |a BIBCUR  |b BIBCUR  |d 2019-11-20  |i 3817458  |o 547 CAR 1999  |p 3817458  |r 2025-04-22  |w 2019-11-20  |y BK  |k BCB 
952 |0 0  |1 0  |4 0  |6 547_000000000000000_CAR_1999  |7 0  |8 A  |9 350873  |a BIBCUR  |b BIBCUR  |d 2019-11-20  |i 3836789  |o 547 CAR 1999  |p 3836789  |r 2025-04-22  |w 2019-11-20  |y BK  |k QUI 
952 |0 0  |1 0  |4 0  |6 547_000000000000000_CAR_1999  |7 0  |8 A  |9 350874  |a BIBCUR  |b BIBCUR  |d 2019-11-20  |i 3836797  |o 547 CAR 1999  |p 3836797  |r 2025-04-22  |w 2019-11-20  |y BK  |k QUI 
952 |0 0  |1 0  |4 0  |6 547_000000000000000_CAR_1999  |7 0  |8 A  |9 350876  |a BIBCUR  |b BIBCUR  |d 2019-11-20  |i 3836819  |l 3  |o 547 CAR 1999  |p 3836819  |r 2025-04-22  |s 2024-09-12  |w 2019-11-20  |y BK  |k QUI 
952 |0 0  |1 0  |4 0  |6 547_000000000000000_CAR_1999  |7 0  |8 A  |9 350877  |a BIBCUR  |b BIBCUR  |d 2019-11-20  |i 3836827  |o 547 CAR 1999  |p 3836827  |r 2025-04-22  |w 2019-11-20  |y BK  |k QUI 
952 |0 0  |1 0  |4 0  |6 547_000000000000000_CAR_1999  |7 0  |8 A  |9 350878  |a BIBCUR  |b BIBCUR  |d 2019-11-20  |i 3847799  |o 547 CAR 1999  |p 3847799  |r 2025-04-22  |w 2019-11-20  |y BK  |k QUI 
952 |0 0  |1 0  |4 0  |6 547_000000000000000_CAR_1999  |7 0  |8 A  |9 350880  |a BIBCUR  |b BIBCUR  |d 2019-11-20  |i 3847810  |o 547 CAR 1999  |p 3847810  |r 2025-04-22  |w 2019-11-20  |y BK  |k QUI 
952 |0 0  |1 0  |4 0  |6 547_000000000000000_CAR_1999  |7 0  |8 A  |9 350881  |a BIBCUR  |b BIBCUR  |d 2019-11-20  |i 3847829  |o 547 CAR 1999  |p 3847829  |r 2025-04-22  |w 2019-11-20  |y BK  |k QUI 
952 |0 0  |1 0  |4 0  |6 547_000000000000000_CAR_1999  |7 0  |8 A  |9 350882  |a BIBCUR  |b BIBCUR  |d 2019-11-20  |i 3847837  |o 547 CAR 1999  |p 3847837  |r 2025-04-22  |w 2019-11-20  |y BK  |k QUI 
952 |0 0  |1 0  |4 0  |6 547_000000000000000_CAR_1999  |7 0  |8 A  |9 350884  |a BIBCUR  |b BIBCUR  |d 2019-11-20  |i 3847853  |o 547 CAR 1999  |p 3847853  |r 2025-04-22  |w 2019-11-20  |y BK  |k QUI 
952 |0 0  |1 0  |4 0  |6 547_000000000000000_CAR_1999  |7 0  |8 A  |9 350885  |a BIBCUR  |b BIBCUR  |d 2019-11-20  |i 384787K  |o 547 CAR 1999  |p 384787K  |r 2025-04-22  |w 2019-11-20  |y BK  |k QUI 
952 |0 0  |1 0  |4 0  |6 547_000000000000000_CAR_1999  |7 0  |8 A  |9 350886  |a BIBCUR  |b BIBCUR  |d 2019-11-20  |i 3847888  |o 547 CAR 1999  |p 3847888  |r 2025-04-22  |w 2019-11-20  |y BK  |k QUI 
952 |0 0  |1 0  |4 0  |6 547_000000000000000_CAR_1999  |7 0  |8 A  |9 350887  |a BIBCUR  |b BIBCUR  |d 2019-11-20  |i 3880443  |l 3  |m 1  |o 547 CAR 1999  |p 3880443  |r 2025-04-22  |s 2022-12-01  |w 2019-11-20  |y BK  |k PQI